| 000 | 00951nam a22002297a 4500 | ||
|---|---|---|---|
| 999 |
_c6686 _d6686 |
||
| 003 | AR-CdUCM | ||
| 008 | 190319b ||||| |||| 00| 0 spa d | ||
| 020 | _a84-205-0415-7 | ||
| 040 |
_aMUNICIPALIDAD PROVINCIAL DEL CUSCO _cBIBLIOTECA MUNICIPAL DEL CUSCO |
||
| 041 | _heng | ||
| 082 |
_a541 / _bSI56 |
||
| 100 |
_aSimpson, P. _918810 |
||
| 245 | _aCompuestos Organometálicos de Elementos de Grupos Principales / | ||
| 260 |
_aEspaña : _bAlhambra ; _c1973. |
||
| 300 |
_a134 páginas ; _bDiagramas, fórmulas, ilustraciones _c20cm |
||
| 440 |
_aColección Exedra - Ciencia Técnica Ingeniería _n86 _918811 |
||
| 505 | _aContenido: Derivados de los grupos I y II -- Derivados de los elementos del grupo III -- Derivados de los elementos del grupo IV -- Derivados de los elementos del grupo V -- Sección experimental... | ||
| 650 |
_aQuímica _94512 |
||
| 700 |
_aMontuenga, Carlos (traducción) _918812 |
||
| 942 |
_2ddc _cLIBROS |
||
| 945 | _anom | ||